| 000 | 00421nam a2200169Ia 4500 | ||
|---|---|---|---|
| 008 | 230711s9999||||xx |||||||||||||| ||und|| | ||
| 020 | _a978-0-19-808611-6 | ||
| 041 | _aENG | ||
| 082 |
_a671.53 _bSH-M |
||
| 100 | _aShaw,Milton C | ||
| 245 | 0 | _aMetal cutting principles | |
| 250 | _a1st Ed. | ||
| 260 |
_c2006 _aNew Delhi _bOxford University Press |
||
| 300 | _a651p. | ||
| 650 | _aMechanical Engineering | ||
| 942 | _cBK | ||
| 999 |
_c5897 _d5897 |
||